000
00210 a2200097 4500
001
23005
100
_a
Tweney
245
_a
Chamber's Technical Dictionary
260
_a
_b
Chambers
_c
1954
090
_c
15555
_d
15555
942
_a
NUST-CAE
_c
M
_c
6175
999
_c
258078
_d
258078